[Event "SLO-chT2 Ost"]
[Site "Slovenia"]
[Date "2021.09.25"]
[Round "5.1"]
[White "Povse, Tim"]
[Black "Meglic, Enej"]
[Result "1-0"]
[WhiteElo "1354"]
[BlackElo "1658"]
[PlyCount "157"]
[EventDate "2021.09.11"]
[EventType "team-tourn"]
[EventRounds "9"]
[EventCountry "SLO"]
[SourceTitle "EXT 2024"]
[Source "ChessBase"]
[SourceDate "2023.10.10"]
[SourceVersion "1"]
[SourceVersionDate "2023.10.10"]
[SourceQuality "1"]
[WhiteTeam "Milan Majcen Sevnica"]
[BlackTeam "Pomgrad SD III"]
[WhiteTeamCountry "SLO"]
[BlackTeamCountry "SLO"]

1. e4 e5 2. Nf3 Nc6 3. Bc4 Bc5 4. Nc3 Nf6 5. 0-0 d6 6. h3 0-0 7. d3 h6 8. a3 Be6 9. Bxe6 fxe6 10. Na4 Bb6 11. Nxb6 axb6 12. Re1 Qd7 13. Bd2 Rae8 14. Bc3 Qf7 15. Rf1 Nd7 16. Qd2 d5 17. exd5 exd5 18. b4 b5 19. Rae1 Re6 20. Bb2 Qh5 21. Nh2 Rg6 22. Kh1 Rg5 23. f3 Nf6 24. f4 exf4 25. Rxf4 Qg6 26. Ref1 Ne7 27. g4 Qf7 28. Nf3 Rg6 29. Ne5 Qe6 30. Nxg6 Nxg6 31. R4f2 d4 32. Qe2 Qd6 33. Bc1 Re8 34. Qf3 Nh4 35. Bf4 Qe7 36. Qg3 Nd5 37. Bd2 Ng6 38. Re1 Qd7 39. Rxe8+ Qxe8 40. Qf3 Qe6 41. Qe4 Qc6 42. Re2 Kh7 43. Kg1 Qd6 44. Rg2 Nf6 45. Qe1 Qc6 46. Bc1 Qf3 47. Rg3 Qc6 48. Bb2 Nh4 49. Qf2 Qd6 50. Bxd4 Nd5 51. Be3 Qe6 52. Bd2 Qe5 53. c4 bxc4 54. dxc4 Nf6 55. Re3 Ne4 56. Rxe4 Qxe4 57. Qxh4 Qxc4 58. Qf2 Qb3 59. Qe3 Qb1+ 60. Kg2 Qg6 61. Kf3 Qf7+ 62. Kg3 Qd5 63. Bc1 Qd6+ 64. Qf4 Qc6 65. Qf5+ Kg8 66. Qc5 Qd7 67. Qc4+ Kh8 68. Bb2 Qe7 69. Qd4 Qe1+ 70. Kf3 Qf1+ 71. Ke4 Qe2+ 72. Kd5 Qf3+ 73. Ke6 Qf8 74. Kd7 Qf7+ 75. Kc8 Kh7 76. Qe5 Kh8 77. Qxg7+ Qxg7 78. Bxg7+ Kxg7 79. Kxb7 1-0

[Event "SLO-chT2 Ost"]
[Site "Slovenia"]
[Date "2021.09.11"]
[Round "1.1"]
[White "Meglic, Enej"]
[Black "Suta, Tomaz"]
[Result "1/2-1/2"]
[WhiteElo "1658"]
[BlackElo "1793"]
[PlyCount "60"]
[EventDate "2021.09.11"]
[EventType "team-tourn"]
[EventRounds "9"]
[EventCountry "SLO"]
[SourceTitle "EXT 2024"]
[Source "ChessBase"]
[SourceDate "2023.10.10"]
[SourceVersion "1"]
[SourceVersionDate "2023.10.10"]
[SourceQuality "1"]
[WhiteTeam "Pomgrad SD III"]
[BlackTeam "Ptuj SD II"]
[WhiteTeamCountry "SLO"]
[BlackTeamCountry "SLO"]

1. e4 e5 2. Nf3 Nc6 3. Bc4 Bc5 4. c3 Qe7 5. 0-0 Nf6 6. d3 h6 7. h3 0-0 8. Re1 d6 9. Nbd2 Be6 10. b4 Bb6 11. a4 a6 12. Bb3 Rfe8 13. Nf1 Bxb3 14. Qxb3 Nh5 15. Be3 Ba7 16. Ng3 Nxg3 17. fxg3 Bxe3+ 18. Rxe3 Qe6 19. Qxe6 fxe6 20. Rf1 Rf8 21. Re2 Rf6 22. g4 g5 23. g3 Raf8 24. Ref2 Kg7 25. Kg2 Kg6 26. Kg1 Kg7 27. Kg2 Kg6 28. Kg1 Kg7 29. Kg2 Kg6 30. Kg1 Kg7 1/2-1/2

[Event "SLO-chT U16"]
[Site "Murska Sobota"]
[Date "2018.05.13"]
[Round "5"]
[White "Meglic, Enej"]
[Black "Brilej, Jaka"]
[Result "0-1"]
[WhiteElo "1691"]
[BlackElo "2098"]
[PlyCount "95"]
[EventDate "2018.05.11"]
[EventType "team-swiss"]
[EventRounds "5"]
[EventCountry "SLO"]
[SourceTitle "EXT 2020"]
[Source "ChessBase"]
[SourceDate "2019.10.17"]
[SourceVersion "1"]
[SourceVersionDate "2019.10.17"]
[SourceQuality "1"]

1. e4 c5 2. Nf3 Nc6 3. d4 cxd4 4. Nxd4 e5 5. Nb5 a6 6. Nd6+ Bxd6 7. Qxd6 Qf6 8. Qd1 Qg6 9. Nc3 d5 10. Nxd5 Qxe4+ 11. Ne3 Nge7 12. Bd3 Qh4 13. 0-0 0-0 14. Nc4 Be6 15. Qe2 f6 16. f4 b5 17. Nd6 Bg4 18. Qe1 Qxe1 19. Rxe1 Rfd8 20. Nb7 Rd7 21. Nc5 Rd5 22. Nb3 Rad8 23. a3 Bf5 24. Bxf5 Nxf5 25. fxe5 Nxe5 26. Bf4 Nc4 27. Rab1 Kf7 28. Nc1 Nd4 29. c3 Ne6 30. Be3 Nxe3 31. Rxe3 Rd1+ 32. Kf2 Nf4 33. Kg3 Nd3 34. Rxd3 R8xd3+ 35. Nxd3 Rxb1 36. Kf2 Ke6 37. Ke2 Kd6 38. Kd2 a5 39. Ke2 Kd5 40. h3 Kc4 41. g4 Kb3 42. Kd2 Rxb2+ 43. Nxb2 Kxb2 44. a4 bxa4 45. c4 a3 46. c5 a2 47. c6 a1Q 48. c7 0-1

[Event "SLO-chT U16"]
[Site "Murska Sobota"]
[Date "2018.05.12"]
[Round "3"]
[White "Jeler, Lan"]
[Black "Meglic, Enej"]
[Result "0-1"]
[WhiteElo "1549"]
[BlackElo "1691"]
[PlyCount "50"]
[EventDate "2018.05.11"]
[EventType "team-swiss"]
[EventRounds "5"]
[EventCountry "SLO"]
[SourceTitle "EXT 2020"]
[Source "ChessBase"]
[SourceDate "2019.10.17"]
[SourceVersion "1"]
[SourceVersionDate "2019.10.17"]
[SourceQuality "1"]

1. d4 d5 2. c4 e6 3. Nf3 Nf6 4. Nc3 Bb4 5. Bf4 0-0 6. e3 Nbd7 7. Be2 Ne4 8. Qc2 Ndf6 9. 0-0 b6 10. cxd5 exd5 11. Nxe4 dxe4 12. Ne5 Bb7 13. Rac1 Rc8 14. Nc6 Bxc6 15. Qxc6 Nd5 16. Bg3 Re8 17. Ba6 Re6 18. Qc4 Rb8 19. Bxc7 b5 20. Bxb5 Nxc7 21. Qxc7 Qxc7 22. Rxc7 Rxb5 23. Rc8+ Bf8 24. b3 g6 25. Rfc1 Kg7 0-1

[Event "SLO-ch U14"]
[Site "Portoroz"]
[Date "2018.03.01"]
[Round "8"]
[White "Meglic, Enej"]
[Black "Vaupot, Luka"]
[Result "1-0"]
[WhiteElo "1617"]
[BlackElo "1598"]
[PlyCount "63"]
[EventDate "2018.02.24"]
[EventType "swiss"]
[EventRounds "9"]
[EventCountry "SLO"]
[SourceTitle "EXT 2019"]
[Source "ChessBase"]
[SourceDate "2018.10.10"]
[SourceVersion "1"]
[SourceVersionDate "2018.10.10"]
[SourceQuality "1"]

1. e4 e5 2. Nf3 Nc6 3. Bc4 Bc5 4. c3 Nf6 5. d3 d6 6. Bb3 a6 7. h3 Ba7 8. 0-0 h6 9. Re1 0-0 10. Nbd2 Ne7 11. Nf1 Ng6 12. Ng3 Be6 13. d4 c5 14. dxe5 Nxe5 15. Nxe5 dxe5 16. Bxe6 fxe6 17. Qb3 Qc8 18. Nf5 c4 19. Ne7+ Kf7 20. Nxc8 cxb3 21. Nxa7 Rxa7 22. axb3 Rd8 23. Be3 Raa8 24. Ra5 b5 25. f3 Rd3 26. Kf2 b4 27. Ke2 Rad8 28. Rc1 R8d6 29. Rxe5 Nd7 30. Ra5 e5 31. f4 g5 32. fxe5 1-0

[Event "SLO-ch U14"]
[Site "Portoroz"]
[Date "2018.02.25"]
[Round "3"]
[White "Marn, Jan"]
[Black "Meglic, Enej"]
[Result "1-0"]
[WhiteElo "2035"]
[BlackElo "1617"]
[PlyCount "79"]
[EventDate "2018.02.24"]
[EventType "swiss"]
[EventRounds "9"]
[EventCountry "SLO"]
[SourceTitle "EXT 2019"]
[Source "ChessBase"]
[SourceDate "2018.10.10"]
[SourceVersion "1"]
[SourceVersionDate "2018.10.10"]
[SourceQuality "1"]

1. d4 d5 2. c4 e6 3. Nc3 Nf6 4. cxd5 exd5 5. Bg5 Bb4 6. Qb3 Bxc3+ 7. Qxc3 0-0 8. e3 c6 9. Bd3 Qd6 10. Nf3 h6 11. Bh4 Re8 12. 0-0 Nbd7 13. b4 a6 14. a4 Ne4 15. Bxe4 dxe4 16. Nd2 Nb6 17. Qc5 Qc7 18. Rfc1 g5 19. Bg3 Qd8 20. b5 Bd7 21. bxc6 Bxc6 22. h4 Nxa4 23. Qf5 Qd7 24. Qxd7 Bxd7 25. Rc7 Bb5 26. hxg5 hxg5 27. Rxb7 Bc6 28. Rc7 Bb5 29. Be5 f5 30. Rg7+ Kf8 31. Rxg5 Bd7 32. g4 Nb6 33. gxf5 Bc6 34. Rg6 Rec8 35. Kg2 Nd7 36. Rh1 Nxe5 37. dxe5 Be8 38. Rh8+ Ke7 39. Rg7+ Kd8 40. Nxe4 1-0

[Event "Maribor Pirc Memorial op 20th"]
[Site "Maribor"]
[Date "2017.06.26"]
[Round "3"]
[White "Bajc, Aleksander"]
[Black "Meglic, Enej"]
[Result "1-0"]
[WhiteElo "1807"]
[BlackElo "1486"]
[PlyCount "123"]
[EventDate "2017.06.24"]
[EventType "swiss"]
[EventRounds "9"]
[EventCountry "SLO"]
[SourceTitle "CBM 179 Extra"]
[Source "ChessBase"]
[SourceDate "2017.08.23"]
[SourceVersion "1"]
[SourceVersionDate "2017.08.23"]
[SourceQuality "1"]

1. d4 d5 2. c4 e6 3. Nf3 Nf6 4. g3 Bb4+ 5. Bd2 Be7 6. Bg2 0-0 7. 0-0 c6 8. Bf4 b6 9. Nbd2 Ba6 10. b3 Nbd7 11. Re1 c5 12. e4 dxe4 13. Nxe4 Nxe4 14. Rxe4 Nf6 15. Re1 Rc8 16. Ne5 cxd4 17. Nc6 Qd7 18. Nxe7+ Qxe7 19. Qxd4 Rfd8 20. Qe3 h6 21. Rad1 Bb7 22. Bxb7 Qxb7 23. Qc3 Qc6 24. Bxh6 Nh5 25. Be3 Qf3 26. Bd4 Qxc3 27. Bxc3 Rxd1 28. Rxd1 b5 29. Rd4 Nf6 30. Bb2 e5 31. Rd2 bxc4 32. bxc4 Rxc4 33. Bxe5 Rc6 34. Rd6 Rxd6 35. Bxd6 Ne4 36. Bb4 f5 37. f3 Nf6 38. Kf2 Nd5 39. Bc5 Nc3 40. a3 a6 41. Ke3 Na4 42. Bd4 Kf7 43. Kd3 g6 44. Kc4 Ke6 45. Kb4 Kd5 46. Kxa4 Kxd4 47. Ka5 Ke3 48. Kxa6 Kxf3 49. Kb5 Kg2 50. a4 Kxh2 51. a5 Kxg3 52. a6 f4 53. a7 f3 54. a8Q Kg2 55. Kc4 g5 56. Kd3 g4 57. Qa2+ Kg1 58. Ke3 Kh1 59. Kf4 Kg1 60. Kg3 f2 61. Qxf2+ Kh1 62. Qh2# 1-0

[Event "SLO-ch U14"]
[Site "Ptuj"]
[Date "2017.02.28"]
[Round "6"]
[White "Meglic, Enej"]
[Black "Zaloznik S, Gal"]
[Result "1-0"]
[WhiteElo "1545"]
[BlackElo "1025"]
[PlyCount "83"]
[EventDate "2017.02.25"]
[EventType "swiss"]
[EventRounds "9"]
[EventCountry "SLO"]
[SourceTitle "CBM 177 Extra"]
[Source "ChessBase"]
[SourceDate "2017.04.27"]
[SourceVersion "1"]
[SourceVersionDate "2017.04.27"]
[SourceQuality "1"]

1. e4 e5 2. Nf3 Nc6 3. Bc4 Bc5 4. c3 Nf6 5. d4 exd4 6. cxd4 Bb4+ 7. Bd2 Bxd2+ 8. Nbxd2 0-0 9. e5 Ne8 10. 0-0 d6 11. Re1 Kh8 12. a3 f6 13. e6 d5 14. Bb5 Qd6 15. Bxc6 Qxc6 16. Qe2 b6 17. Nh4 g6 18. Qe3 Kg7 19. f4 f5 20. Qe5+ Kg8 21. Rac1 Qd6 22. b4 Rf6 23. Qxd6 cxd6 24. e7 Re6 25. Nhf3 h6 26. Nb1 Kf7 27. Nc3 Bb7 28. Rxe6 Kxe6 29. Re1+ Kf7 30. Re3 a6 31. Nh4 Nf6 32. Rg3 Rg8 33. h3 Bc6 34. Re3 b5 35. g3 Ne4 36. Nxe4 fxe4 37. Rc3 Rc8 38. Nxg6 Kxg6 39. Rxc6 Re8 40. Rxd6+ Kf5 41. Rxd5+ Ke6 42. Re5+ 1-0

[Event "Portoroz op 10th"]
[Site "Portoroz"]
[Date "2016.07.23"]
[Round "1"]
[White "Mestek, Igor"]
[Black "Meglic, Enej"]
[Result "1-0"]
[WhiteElo "2077"]
[BlackElo "1463"]
[PlyCount "71"]
[EventDate "2016.07.23"]
[EventType "swiss"]
[EventRounds "9"]
[EventCountry "SLO"]
[SourceTitle "CBM 173 Extra"]
[Source "ChessBase"]
[SourceDate "2016.08.29"]
[SourceVersion "1"]
[SourceVersionDate "2016.08.29"]
[SourceQuality "1"]

1. e4 c5 2. Nf3 e6 3. d4 cxd4 4. Nxd4 a6 5. Nc3 Qc7 6. g3 Nf6 7. Bg2 Nc6 8. 0-0 Be7 9. Re1 Nxd4 10. Qxd4 d6 11. Be3 0-0 12. Rad1 b5 13. e5 dxe5 14. Qb6 Qxb6 15. Bxb6 Bb7 16. Bxb7 Rab8 17. Bxa6 Rxb6 18. Bxb5 Rc8 19. a4 Bb4 20. Rxe5 g6 21. Rd3 Bxc3 22. Rxc3 Rxc3 23. bxc3 Nd5 24. c4 Nc7 25. Rc5 Na6 26. Rc8+ Kg7 27. c5 Nxc5 28. Rxc5 Kf8 29. c4 Rb7 30. a5 Ke7 31. f4 Kd6 32. Rc8 f6 33. c5+ Ke7 34. a6 Rxb5 35. a7 Ra5 36. a8Q 1-0

[Event "Ptuj op 10"]
[Site "Ptuj"]
[Date "2015.10.30"]
[Round "8"]
[White "Meglic, Enej"]
[Black "Bohak, Janko"]
[Result "1/2-1/2"]
[WhiteElo "1401"]
[BlackElo "1971"]
[PlyCount "55"]
[EventDate "2015.10.24"]
[EventType "swiss"]
[EventRounds "9"]
[EventCountry "SLO"]
[SourceTitle "CBM 169 Extra"]
[Source "ChessBase"]
[SourceDate "2015.12.18"]
[SourceVersion "1"]
[SourceVersionDate "2015.12.18"]
[SourceQuality "1"]

1. e4 c5 2. Nf3 Nc6 3. d4 cxd4 4. Nxd4 e5 5. Nb5 d6 6. N1c3 Nf6 7. Bg5 a6 8. Na3 Be7 9. Bxf6 gxf6 10. Nd5 Be6 11. Nc4 b5 12. Nce3 h5 13. Be2 h4 14. Bg4 Rc8 15. Nf5 Bf8 16. 0-0 Na5 17. b3 Nb7 18. Re1 Rc5 19. Nfe3 Bh6 20. Qf3 Bg5 21. a4 a5 22. axb5 Rxb5 23. Rab1 Nc5 24. Bf5 Kf8 25. Qh3 Qc8 26. Qf3 Qd8 27. Qh3 Qc8 28. Qf3 1/2-1/2

[Event "Ptuj op 10"]
[Site "Ptuj"]
[Date "2015.10.28"]
[Round "6"]
[White "Meglic, Enej"]
[Black "Zajsek, Franc"]
[Result "1-0"]
[WhiteElo "1401"]
[BlackElo "1713"]
[PlyCount "32"]
[EventDate "2015.10.24"]
[EventType "swiss"]
[EventRounds "9"]
[EventCountry "SLO"]
[SourceTitle "CBM 169 Extra"]
[Source "ChessBase"]
[SourceDate "2015.12.18"]
[SourceVersion "1"]
[SourceVersionDate "2015.12.18"]
[SourceQuality "1"]

1. e4 c6 2. d4 d5 3. Nc3 dxe4 4. Nxe4 Nf6 5. Ng3 g6 6. Nf3 Bg7 7. Be3 0-0 8. Qd2 Nd5 9. 0-0-0 Qb6 10. Bh6 Bg4 11. Bxg7 Kxg7 12. Be2 Nd7 13. h3 Bxf3 14. Bxf3 a5 15. Bxd5 cxd5 16. Qg5 Qf6 1-0

[Event "Ptuj op 10"]
[Site "Ptuj"]
[Date "2015.10.25"]
[Round "3"]
[White "Florjancic, Rudolf"]
[Black "Meglic, Enej"]
[Result "1/2-1/2"]
[WhiteElo "1839"]
[BlackElo "1401"]
[PlyCount "120"]
[EventDate "2015.10.24"]
[EventType "swiss"]
[EventRounds "9"]
[EventCountry "SLO"]
[SourceTitle "CBM 169 Extra"]
[Source "ChessBase"]
[SourceDate "2015.12.18"]
[SourceVersion "1"]
[SourceVersionDate "2015.12.18"]
[SourceQuality "1"]

1. Nf3 Nf6 2. g3 d5 3. Bg2 Bf5 4. d4 e6 5. 0-0 Be7 6. c4 0-0 7. cxd5 exd5 8. Nc3 c6 9. Ne5 Nbd7 10. Nd3 Bd6 11. a4 Qe7 12. a5 Ne4 13. e3 Nxc3 14. bxc3 Nf6 15. Nc5 Bxc5 16. dxc5 Ne4 17. Qd4 Qxc5 18. Qe5 Qxc3 19. Qxc3 Nxc3 20. Bb2 Ne4 21. Rfc1 Rfe8 22. a6 Bc8 23. Bd4 h6 24. axb7 Bxb7 25. Bxa7 Nd6 26. Bc5 Rxa1 27. Rxa1 Ne4 28. Bb6 Ra8 29. Rc1 Rc8 30. f3 Nd6 31. Bc5 Nc4 32. Bf1 Ba6 33. Ra1 Bb5 34. Ra7 Re8 35. Kf2 Rc8 36. h4 h5 37. Bh3 Re8 38. Bf5 Ne5 39. Bd4 Nd3+ 40. Kg1 c5 41. Bxd3 Bxd3 42. Bxc5 Rc8 43. Ra5 Bc4 44. Kf2 Rb8 45. Bd4 Kh7 46. e4 Re8 47. Rc5 Rd8 48. Ke3 Bb3 49. Rc7 dxe4 50. fxe4 Re8 51. Kf4 Kg6 52. Rc3 Ba2 53. Rc5 f6 54. e5 fxe5+ 55. Bxe5 Rf8+ 56. Ke3 Re8 57. Kd2 Re6 58. Kc3 Bb1 59. Kd4 Kf7 60. Rc1 Bf5 1/2-1/2

[Event "EU-ch U12 25th"]
[Site "Porec"]
[Date "2015.09.30"]
[Round "9"]
[White "Colonetti, Fabio"]
[Black "Meglic, Enej"]
[Result "1-0"]
[WhiteElo "1712"]
[BlackElo "1401"]
[PlyCount "111"]
[EventDate "2015.09.21"]
[EventType "swiss"]
[EventRounds "9"]
[EventCountry "CRO"]
[SourceTitle "EXT 2016"]
[Source "ChessBase"]
[SourceDate "2015.10.08"]
[SourceVersion "1"]
[SourceVersionDate "2015.10.08"]
[SourceQuality "1"]

1. e4 c5 2. Nc3 Nc6 3. f4 e6 4. Nf3 d5 5. d3 dxe4 6. Nxe4 Nf6 7. Nf2 Bd6 8. g3 0-0 9. Bg2 h6 10. 0-0 e5 11. Ne4 Nxe4 12. dxe4 exf4 13. gxf4 Bc7 14. Qe2 Nd4 15. Nxd4 Qxd4+ 16. Kh1 Rd8 17. Rg1 Be6 18. Bf3 Kh8 19. Qg2 Rg8 20. c3 Qd6 21. e5 Qd7 22. Bxb7 Rad8 23. Bf3 Bd5 24. Bxd5 Qxd5 25. Qxd5 Rxd5 26. Be3 Bb6 27. a4 Rd3 28. Rge1 a5 29. Rad1 Rgd8 30. Rxd3 Rxd3 31. Kg2 Kh7 32. Kf2 Kg6 33. Ke2 Rd7 34. Rg1+ Kh7 35. Rd1 Rb7 36. Rd2 c4 37. Bxb6 Rxb6 38. Ke3 f6 39. Kd4 fxe5+ 40. fxe5 Rc6 41. Kd5 Rc8 42. Re2 Kg8 43. e6 Kf8 44. e7+ Ke8 45. Kd6 Ra8 46. Kc5 Rc8+ 47. Kb5 Rc7 48. Kxa5 Rxe7 49. Rxe7+ Kxe7 50. Kb6 g5 51. a5 g4 52. a6 h5 53. a7 h4 54. a8Q g3 55. hxg3 h3 56. Qh1 1-0

[Event "EU-ch U12 25th"]
[Site "Porec"]
[Date "2015.09.29"]
[Round "8"]
[White "Aleksic, Nemanja A"]
[Black "Meglic, Enej"]
[Result "0-1"]
[WhiteElo "1347"]
[BlackElo "1401"]
[PlyCount "86"]
[EventDate "2015.09.21"]
[EventType "swiss"]
[EventRounds "9"]
[EventCountry "CRO"]
[SourceTitle "EXT 2016"]
[Source "ChessBase"]
[SourceDate "2015.10.08"]
[SourceVersion "1"]
[SourceVersionDate "2015.10.08"]
[SourceQuality "1"]

1. e4 c5 2. Nf3 e6 3. d4 cxd4 4. Nxd4 a6 5. Be3 Nf6 6. Nc3 Qc7 7. f3 Nc6 8. a3 Be7 9. Qd2 0-0 10. g4 Bd6 11. 0-0-0 Nxd4 12. Bxd4 Bf4 13. Be3 Bxe3 14. Qxe3 d6 15. h4 Qc5 16. Qd2 Rd8 17. Bd3 b5 18. g5 Nh5 19. e5 Qxe5 20. Be4 Rb8 21. Qd3 g6 22. Rde1 Qf4+ 23. Qd2 Qxd2+ 24. Kxd2 d5 25. Bd3 Bb7 26. Nd1 Re8 27. Re5 Bc6 28. Nf2 a5 29. b4 axb4 30. axb4 Ra8 31. Ree1 Ra4 32. c3 Ra2+ 33. Bc2 Rea8 34. Ng4 Rb2 35. Rb1 Rxb1 36. Rxb1 Ra2 37. Ne5 Be8 38. Kc1 Kg7 39. Ng4 f6 40. gxf6+ Nxf6 41. Nxf6 Kxf6 42. Rb2 Rxb2 43. Kxb2 Ke5 0-1

[Event "SLO-chT U16"]
[Site "Debeli Rtic"]
[Date "2015.05.16"]
[Round "3"]
[White "Meglic, Enej"]
[Black "Kobal, Sasa"]
[Result "0-1"]
[WhiteElo "1361"]
[BlackElo "1782"]
[PlyCount "202"]
[EventDate "2015.05.15"]
[EventType "swiss"]
[EventRounds "6"]
[EventCountry "SLO"]
[SourceTitle "EXT 2023"]
[Source "ChessBase"]
[SourceDate "2022.10.05"]
[SourceVersion "1"]
[SourceVersionDate "2022.10.05"]
[SourceQuality "1"]

1. e4 c5 2. Nf3 d6 3. d4 cxd4 4. Nxd4 Nf6 5. Nc3 g6 6. Be3 Bg7 7. Be2 0-0 8. 0-0 Nc6 9. f4 Bd7 10. Bf3 a6 11. Kh1 Rc8 12. a3 b5 13. Nb3 Qc7 14. Qd3 Rfd8 15. Bd4 Nxd4 16. Nxd4 Bg4 17. Bxg4 Nxg4 18. h3 Nf6 19. Rae1 Qc4 20. Rd1 Nh5 21. Nce2 Bxd4 22. Nxd4 e5 23. Nb3 Nxf4 24. Qf3 Qe6 25. Rd2 Qe7 26. Rfd1 Ne6 27. Qe3 Qc7 28. Qe2 Nc5 29. Qe3 Ne6 30. Qe2 Rd7 31. Kh2 Rcd8 32. Kh1 Nc5 33. Nxc5 dxc5 34. Qf2 Rxd2 35. Rxd2 Rd4 36. Qe3 Qd6 37. Rd3 Kg7 38. Rc3 c4 39. Qe2 Rd2 40. Qe3 Qd4 41. Qf3 Qf2 42. Qg4 Qf4 43. Qf3 Rf2 44. Qxf4 exf4 45. b3 cxb3 46. cxb3 Ra2 47. b4 h5 48. g3 fxg3 49. Rxg3 Kf6 50. Rf3+ Ke6 51. Kg1 g5 52. Rg3 f6 53. Rc3 Ke5 54. Rc5+ Kxe4 55. Rc6 Rxa3 56. Rxf6 Rxh3 57. Rxa6 Rb3 58. Rg6 Kf5 59. Rc6 Rxb4 60. Rc5+ Kf4 61. Rc2 Rb1+ 62. Kh2 b4 63. Rf2+ Ke5 64. Re2+ Kf6 65. Rf2+ Kg6 66. Ra2 b3 67. Ra6+ Kf5 68. Ra5+ Kf4 69. Ra4+ Ke3 70. Ra8 b2 71. Re8+ Kf4 72. Rf8+ Kg4 73. Rb8 h4 74. Rb3 Kf4 75. Rb4+ Ke3 76. Rb3+ Kf2 77. Rb8 g4 78. Rf8+ Ke3 79. Re8+ Kf4 80. Rf8+ Ke5 81. Re8+ Kf6 82. Rf8+ Ke7 83. Rb8 g3+ 84. Kg2 h3+ 85. Kxh3 Rh1+ 86. Kxg3 b1Q 87. Rxb1 Rxb1 88. Kf4 Ke6 89. Ke4 Rb5 90. Kd4 Kd6 91. Ke4 Ra5 92. Kd4 Ra4+ 93. Kc3 Kd5 94. Kb3 Rc4 95. Kb2 Kd4 96. Kb3 Kd3 97. Kb2 Rc3 98. Kb1 Rc2 99. Ka1 Kc3 100. Kb1 Kb3 101. Ka1 Rc1# 0-1

[Event "SLO-chT U16"]
[Site "Debeli Rtic"]
[Date "2015.05.16"]
[Round "4"]
[White "Tomasic, Tine"]
[Black "Meglic, Enej"]
[Result "1-0"]
[WhiteElo "1476"]
[BlackElo "1361"]
[PlyCount "111"]
[EventDate "2015.05.15"]
[EventType "swiss"]
[EventRounds "6"]
[EventCountry "SLO"]
[SourceTitle "EXT 2023"]
[Source "ChessBase"]
[SourceDate "2022.10.05"]
[SourceVersion "1"]
[SourceVersionDate "2022.10.05"]
[SourceQuality "1"]

1. e4 c5 2. c3 d5 3. exd5 Qxd5 4. d4 e6 5. Na3 Nf6 6. Nf3 cxd4 7. Nb5 Qd8 8. Qxd4 Be7 9. Qxd8+ Bxd8 10. Nd6+ Kd7 11. Nxf7 Rf8 12. Nxd8 Rxd8 13. Bc4 Ke7 14. 0-0 h6 15. Re1 Nc6 16. a3 a6 17. Be3 b5 18. Bc5+ Kf7 19. Ba2 Bb7 20. Bxe6+ Kg6 21. Nd4 Nxd4 22. Bxd4 Re8 23. Bb3 Kh7 24. c4 bxc4 25. Bxc4 Rac8 26. Bf7 Red8 27. Bxf6 gxf6 28. Re7 Rb8 29. Bd5+ Kh8 30. Rxb7 Rbc8 31. Be4 Rd4 32. f3 Rf8 33. Ra7 f5 34. Bc6 Rf6 35. Rxa6 Rc4 36. Bb5 Rxa6 37. Bxc4 Rb6 38. b3 Kg7 39. Rd1 Kf6 40. a4 Kg5 41. a5 Rb7 42. a6 Ra7 43. b4 Ra8 44. b5 Rc8 45. a7 Ra8 46. b6 Rc8 47. b7 Rxc4 48. b8Q Kh4 49. Qd8+ Kh5 50. Rd5 Rc1+ 51. Kf2 Rc2+ 52. Kg3 Rc6 53. Rxf5+ Kg6 54. Qf8 Rc7 55. Rf6+ Kh7 56. Rxh6# 1-0